000
00304nam a22001337a 4500
008
170203b xxu||||| |||| 00| 0 eng d
020
_a
0826185800
041
_a
eng
080
_a
61
100
_a
3
101
_a
SHM
245
_a
KEY ASPECTS OF CARING FOR THE ACUTELLY ILL
_c
FUNK, S.G
942
_2
udc
_c
BK
999
_c
4452
_d
4452